<?xml version="1.0" encoding="UTF-8"?>
<collection xmlns="http://www.loc.gov/MARC21/slim">
 <record>
  <leader>00769pamaa2200205   4500</leader>
  <controlfield tag="001">0000042026</controlfield>
  <controlfield tag="005">20070530090000.0</controlfield>
  <controlfield tag="008">070530                             eng  </controlfield>
  <datafield tag="020" ind1="0" ind2="0">
   <subfield code="a">981230147X (pbk.) </subfield>
  </datafield>
  <datafield tag="090" ind1="0" ind2="0">
   <subfield code="a">HC441 </subfield>
   <subfield code="b">REI 2001</subfield>
  </datafield>
  <datafield tag="245" ind1="1" ind2="0">
   <subfield code="a">REINVENTING ASEAN  </subfield>
   <subfield code="c">edited by Simon S.C. Tay, Jesus P. Estanislao and Hadi Soesastro.</subfield>
  </datafield>
  <datafield tag="260" ind1="0" ind2="0">
   <subfield code="a">Singapore: </subfield>
   <subfield code="b">Institute of Southeast Asian Studies, </subfield>
   <subfield code="c">2001.</subfield>
  </datafield>
  <datafield tag="300" ind1=" " ind2=" ">
   <subfield code="a">xiii, 316 p.: </subfield>
   <subfield code="b">ill.; </subfield>
   <subfield code="c">22 cm.</subfield>
  </datafield>
  <datafield tag="504" ind1="0" ind2="0">
   <subfield code="a">Includes bibliographical references (p. 311-316)</subfield>
  </datafield>
  <datafield tag="650" ind1="0" ind2="0">
   <subfield code="a">Southeast Asia -- </subfield>
   <subfield code="x">Economic integration Southeast Asia -- </subfield>
   <subfield code="x">Politics and government </subfield>
  </datafield>
  <datafield tag="650" ind1="0" ind2="0">
   <subfield code="a">ASEAN </subfield>
  </datafield>
  <datafield tag="700" ind1="1" ind2="1">
   <subfield code="a">Tay, </subfield>
   <subfield code="h">Simon </subfield>
  </datafield>
  <datafield tag="700" ind1="1" ind2="1">
   <subfield code="a">Estanislao, </subfield>
   <subfield code="h">Jesus P. </subfield>
  </datafield>
  <datafield tag="700" ind1="1" ind2="1">
   <subfield code="a">Soesastro, </subfield>
   <subfield code="h">Hadi. </subfield>
  </datafield>
  <datafield tag="901" ind1=" " ind2=" ">
   <subfield code="u">http://www.iseas.edu.sg/pub.html</subfield>
  </datafield>
 </record>
</collection>
